Les plus grandes villes de Belgique - Statistiques

Statistiques générales
  • Ce quiz a été pris 239 fois
  • Le résultat moyen est 12 sur 26
Statistiques - réponses
Population Villes % Correct
183 287 Bruxelles
98%
527 763 Anvers
94%
196 623 Liège
91%
118 536 Bruges
84%
203 376 Charleroi
84%
263 614 Gand
79%
111 127 Namur
78%
95 528 Mons
66%
102 126 Louvain
58%
71 571 Ostende
56%
120 009 Anderlecht
49%
68 954 Tournai
48%
77 076 Courtrai
44%
78 619 Hasselt
40%
66 349 Genk
38%
86 718 Malines
34%
87 385 Ixelles
31%
80 926 La Louvière
29%
131 548 Schaerbeek
25%
83 631 Uccle
24%
58 710 Mouscron
22%
78 520 Saint Nicolas
21%
87 204 Alost
14%
97 365 Molenbeek-Saint-Jean
14%
64 021 Seraing
13%
63 402 Roulers
11%
Aucun quiz correspondant
Distribution des résultats
% des personnes avec chaque résultat
Percentile par nombre de réponses
Votre historique - résultats
Vous n’avez pas pris ce quiz